MARC

LEADER 00000nam1a2200000 4500
001 112226
005 20231031121404.0
020 |a RU  |b 87-42962 
035 |a (RuTPU)RU\TPU\book\121328 
090 |a 112226 
100 |a 20070324d1987 m y0rusy5003 ca 
101 0 |a rus 
200 1 |a Работоспособность упрочненных трущихся поверхностей  |f В. М. Власов 
210 |a Москва  |c Машиностроение  |d 1987 
215 |a 306 с.  |c ил. 
320 |a Библиогр.: с. 300-304. 
610 1 |a упрочнение металлов 
610 1 |a детали машин 
610 1 |a машины 
610 1 |a трение 
610 1 |a износ 
610 1 |a триботехника 
610 1 |a покрытия 
610 1 |a работоспособность 
610 1 |a диагностика 
675 |a 621.891  |v 3 
700 1 |a Власов  |b В. М.  |g Виктор Михайлович  |4 070 
801 0 |a RU  |b RuMRKP  |c 19950417  |g psbo 
801 1 |a RU  |b 63413507  |c 20070324  |g PSBO 
801 2 |a RU  |b 63413507  |c 20080124  |g PSBO 
942 |c BK